000 00966nam a2200169Ia 4500
008 090124s9999 xx 000 0 und d
082 _b104185
100 _aशिर्ले ग्रॅहॅम जॉर्ज डी. लिप्सकोम्छा
245 _a जॉर्ज वॉशिंग्टन कार्व्हर यांची साहसी जीवनगाथा
250 _a1
300 _a140
600 _aशिर्ले ग्रॅहॅम जॉर्ज डी. लिप्सकोम्छा
630 _a जॉर्ज वॉशिंग्टन कार्व्हर यांची साहसी जीवनगाथा
700 _aशिर्ले ग्रॅहॅम जॉर्ज डी. लिप्सकोम्छा
730 _a जॉर्ज वॉशिंग्टन कार्व्हर यांची साहसी जीवनगाथा
942 _cBOOK
999 _c150277
_d150277